TH-SOF-2160-Virtualized Network Function (VNF) based placement and chaining solution for enterprise network security (Record no. 595049)
[ view plain ]
| 000 -LEADER | |
|---|---|
| fixed length control field | 00460nam a22001337a 4500 |
| 040 ## - CATALOGING SOURCE | |
| Transcribing agency | NUST |
| 082 ## - DEWEY DECIMAL CLASSIFICATION NUMBER | |
| Classification number | 200 THE |
| 100 ## - MAIN ENTRY--PERSONAL NAME | |
| Personal name | Muhammad Safwan Qureshi |
| 9 (RLIN) | 113271 |
| 110 ## - MAIN ENTRY--CORPORATE NAME | |
| Corporate name or jurisdiction name as entry element | Supervisor Dr. Muhammad Umar Farooq |
| 9 (RLIN) | 109161 |
| 245 ## - TITLE STATEMENT | |
| Title | TH-SOF-2160-Virtualized Network Function (VNF) based placement and chaining solution for enterprise network security |
| 260 ## - PUBLICATION, DISTRIBUTION, ETC. | |
| Place of publication, distribution, etc. | ISLAMABAD: |
| Name of publisher, distributor, etc. | NUST COLLEGE OF EME, |
| Date of publication, distribution, etc. | 2023. |
| 650 ## - SUBJECT ADDED ENTRY--TOPICAL TERM | |
| Topical term or geographic name entry element | MS-CE-2019 |
| 9 (RLIN) | 113272 |
| 942 ## - ADDED ENTRY ELEMENTS (KOHA) | |
| Source of classification or shelving scheme | |
| Koha item type | Thesis |
| Withdrawn status | Lost status | Source of classification or shelving scheme | Damaged status | Not for loan | Permanent Location | Current Location | Shelving location | Date acquired | Total Checkouts | Full call number | Barcode | Date last seen | Price effective from | Koha item type |
|---|---|---|---|---|---|---|---|---|---|---|---|---|---|---|
| College of Electrical & Mechanical Engineering (CEME) | College of Electrical & Mechanical Engineering (CEME) | Thesis | 07/03/2023 | 200 THE | TH-SOF-2160 | 07/03/2023 | 07/03/2023 | Reference |
